| 000 | 02205cam a22004574i 4500 | ||
|---|---|---|---|
| 003 | PE-LiUPU | ||
| 005 | 20250731172804.0 | ||
| 008 | 150617s r 000 0 d | ||
| 020 | _a8425410703 | ||
| 035 | _a(Sirsi) i9788425410703 | ||
| 040 |
_aPE-LiUPU _bspa _cPE-LiUPU _erda |
||
| 049 | _aPRUA | ||
| 082 | 0 | 4 |
_a248.4 _bB74 _221 |
| 100 | 1 |
_aBoros, Ladislao, _eautor. |
|
| 245 | 1 | 0 |
_aSer cristiano hoy : _bactitud del creyente y su vida en el mundo / _cLadislao Boros. |
| 264 | 1 |
_aBarcelona : _bEditorial Herder, _c1979. |
|
| 300 |
_a135 páginas ; _c20 centímetros |
||
| 336 |
_atext _2rdacontent |
||
| 337 |
_aunmediated _2rdamedia |
||
| 338 |
_avolume _2rdacarrier |
||
| 505 | 0 | _aFundamentos: ¿Cómo puede un cristiano defender su fe?. El cristiano en el mundo de hoy. ¿Son honestos los cristianos?. Signos prometedore. Balance provisional. La fe proclamada en el diálogo. El Dios del futuro. El sentir de Cristo. El reino de Dios. La alegría cristiana. Exigencias del amor. Futuro del pensamiento cristiano -- Realización: Saciar a los hambrientos. Dar de beber al sediento. Vestir al desnudo. Hospedar a los extraños. Liberar a los encarcelados. Visitar a los enfermos. Enterrar a los muertos -- Visión panorámica: Corregir a los pecadores. Enseñar al que no sabe. Aconsejar a los vacilantes. Consolar al triste. Soportar pacientemente la injusticia. Perdonar a quienes nos ofenden. Rogar a Dios por los vivos y por los difuntos -- Consumación. | |
| 526 | _aSEG42 | ||
| 526 | _aSEG41 | ||
| 526 | _aSEG40 | ||
| 526 | _aSEG39 | ||
| 526 | _aP94 | ||
| 526 | _aP87 | ||
| 526 | _aP86 | ||
| 526 | _aP85 | ||
| 526 | _aP77 | ||
| 526 | _aP76 | ||
| 526 | _aP35 | ||
| 650 | 0 | 4 |
_aVIDA CRISTIANA _ySIGLO XX. |
| 910 |
_ajck _bjvq _cjck _d20150616 |
||
| 942 |
_2ddc _cBOOK |
||
| 949 |
_a248.4 B74 _wDEWEY _c1 _i18261 _lCCODEBUL1 _mBUL _r0 _sY _tBOOK _u2015-6-17 _xTEOLOGIA _PP35 _0COMPRA _o.STAFF. Colección General |
||
| 994 |
_aC0 _bPEPRU |
||
| 596 | _a1 | ||
| 999 |
_a248.4 B74 _wDEWEY _c3525 _i18261 _d3525 _e2019-5-24 _f2021-11-11 _g5 _lCCODEBUL1 _mBUL _n2 _r0 _sY _tBOOK _u2015-6-17 _xTEOLOGIA _PP35 _0COMPRA _o.STAFF. Colección General |
||
| 980 |
_81 _gALBERTO SANCHEZ Responsable de Automatización |
||